Famous Mountains - Statistics

General Stats
  • This quiz has been taken 664 times
    242 since last reset
  • The average score is 11 of 21
Answer Stats
Clue Mountain % Correct
Mountain first climbed by Edmund Hillary and Tenzing Norgay Mount Everest
96%
Second highest mountain in the world; in Pakistan K2
93%
Highest mountain in Africa Mount Kilimanjaro
86%
Most iconic Swiss mountain The Matterhorn
79%
Volcano that destroyed the cities of Pompeii and Herculaneum Vesuvius
79%
Mountain in France and Italy; highest in Europe (not counting Russia) Mont Blanc
78%
Home of the Greek gods Mount Olympus
76%
New Zealand mountain named after an explorer Mount Cook
74%
American volcano that erupted in 1980 Mount Saint Helens
73%
Highest mountain in Europe (counting Russia) Mount Elbrus
70%
Volcano portrayed in Hokusai's Under the Wave off Kanagawa Mount Fuji
64%
Washingtonian mountain with a namesake national park Mount Rainier
43%
New Hampshire mountain known for high winds Mount Washington
38%
Highest mountain in Mordor Mount Doom
37%
World's third highest mountain; in India Kanchenjunga
28%
Māori name for the above Aoraki
27%
Active volcano 43 miles southeast of Mexico City Popocatépetl
18%
Hawaiian volcano; continuously spewing lava since 1983 Kilauea
15%
Mountain in Maine; start (or end) of the Appalachian Trail Mount Katahdin
11%
Icelandic volcano that erupted in 2010 Eyjafjallajokull
10%
Feline mountain overlooking the city of Cape Town Lion's Head
7%
No matching quizzes found
Score Distribution
Percent of People with Each Score
Percentile by Number Answered
Your Score History
You have not taken this quiz since the last reset